| 000 | 00496nam a22001697a 4500 | ||
|---|---|---|---|
| 003 | OSt | ||
| 005 | 20140310182355.0 | ||
| 008 | 131001t xxu||||| |||| 00| 0 eng d | ||
| 050 |
_aPZ 5 _b.R53 1994 |
||
| 082 |
_aKF _bR51 1994 |
||
| 100 |
_aTonya Bolden _922311 |
||
| 245 |
_aRites of passages : _bstories about growing up by Black Writers around the world / _cTonya Bolden |
||
| 260 |
_aU.S.A : _bHyperion Books, _cc1994. |
||
| 300 |
_a208 p. _c25 cm. |
||
| 942 |
_2lcc _cBK-KF |
||
| 999 |
_c12466 _d12466 |
||